Darkness Or Light (Record no. 4532)

MARC details
000 -LEADER
fixed length control field 00653nam a2200241 a 4500
020 ## - INTERNATIONAL STANDARD BOOK NUMBER
ISBN
082 00 - DEWEY DECIMAL CLASSIFICATION NUMBER
Classification number 266
Author Cutter KEA
100 ## - MAIN ENTRY--AUTHOR NAME
Author name Keable, Robert
245 ## - TITLE STATEMENT
Title Darkness Or Light
Sub title Studies in the History of the Universities Mission to C
260 ## - PUBLICATION, DISTRIBUTION, ETC. (IMPRINT)
Place of publication London
Name of publisher Uniersities Mission to Central Africa
Year of publication 1912
300 ## - PHYSICAL DESCRIPTION
Number of Pages 320p
500 ## - GENERAL NOTE
General note includes index and biblioraphy
505 2# - FORMATTED CONTENTS NOTE
Formatted contents note Index, Map, Ill.
650 ## - SUBJECT ADDED ENTRY--TOPICAL TERM
Topical Term Missions-Central Africa
942 ## - ADDED ENTRY ELEMENTS (KOHA)
Koha item type Books
700 1# -
-- Keable, Robert
Holdings
Collection code Home library Current library Date acquired Cost, normal purchase price Full call number Accession Number Koha item type
  Henry Martyn Institute Library Henry Martyn Institute Library 05/24/2005 0.00 266 KEA 05471 Books
                   Copyright © 2026 | Henry Martyn Institute | Hyderabad | TS-500052 | INDIA | Implemented by hmi.edu.in
Hit-Count:

Powered by Koha